000 01143nam a2200325 i 4500
003 EG-GICUC
005 20260501093953.0
008 260501s1958 fr ||||fr|||| 00| 0 fre d
040 _aEG-GiCUC
_bfre
_cEG-GiCUC
_dEG-GiCUC
_eRda
041 _afre
_hfre
082 0 4 _221
_a343.436
_bOD . R
092 0 4 _221
099 _aLaw1 10 343.436 OD . R 1958
100 1 _aOdent, Raymond
_eÉditeur
245 1 0 _aRépertoire de droit public et administratif.
_cpublié sous la direction de Raymond Odent [et] Marcel Waline. Secrétaire de la rédaction, Mme Moineau-Verdier.
_nTome 1,
_pAbattoir - epaves /
264 1 _aParis :
_bDalloz,
_c1958.
300 _aV1, 966 page :
_billustration ;
_c28 cm.
336 _2rda contenu
_a texte
337 _2rda medias
_aOrdinateur
338 _2 transporteur rda
_a Ressource en ligne
546 _aTexte en français
650 1 _aDroit pénal
650 1 _aDroit administratif
650 1 _aDroit public
700 1 _aWaline, Marcel
_eÉditeur
700 1 _aVerdier,Moineau
_eÉditeur
856 4 0 _uhttps://fll.law.cu.edu.eg/fulltext/bks/B10-11599.pdf
905 _a43
942 _2ddc
_n0
_cBK
_e21
999 _c74612
_d74612